Les 3 meilleurs attaquants par pays dans l'histoire - Statistiques

Statistiques générales
  • Ce quiz a été pris 197 fois
  • Le résultat moyen est 13 sur 30
Statistiques - réponses
Pays Club principal Joueurs % Correct
France Réal Madrid Karim Benzema
92%
Brésil Réal Madrid Ronaldo
73%
Allemagne Bayern Munich Gerd Muller
66%
Espagne FC Liverpool Fernando Torres
61%
Angleterre Tottenham Hotspurs Harry Kane
60%
Belgique Inter Milan Romelu Lukaku
60%
France FC Arsenal Olivier Giroud
57%
Espagne Réal Madrid Raul
57%
Argentine Manchester City Sergio Agüero
57%
Brésil Santos FC Pelé
54%
Portugal Paris Saint-Germain Pedro Miguel Pauleta
52%
Allemagne Lazio Rome Miroslav Klose
51%
Pays-Bas Manchester United Robin Van Persie
51%
Espagne Valence FC David Villa
49%
Pays-Bas AC Milan Marco Van Basten
48%
France Réal Madrid Raymond Kopa
46%
Pays-Bas Manchester United Ruud Van Nistelrooy
45%
Portugal Benfica Lisbonne Eusebio
44%
Angleterre Newcastle United Alan Shearer
41%
Belgique RB Leipzig Loïs Openda
37%
Argentine Fiorentina Gabriel Batistuta
34%
Brésil PSV Eindhoven Romario
25%
Allemagne Bayern Munich Karl-Heinz Rummenigge
17%
Italie Inter Milan Giuseppe Meazza
16%
Portugal Benfica Lisbonne Nuno Gomes
16%
Italie Juventus Turin Paolo Rossi
16%
Argentine Valence CF Mario Kempes
8%
Angleterre Liverpool FC Kevin Keegan
6%
Belgique Standard de Liège Michy Batshuayi
6%
Italie Lazio Rome Silvio Piola
4%
Aucun quiz correspondant
Distribution des résultats
% des personnes avec chaque résultat
Percentile par nombre de réponses
Votre historique - résultats
Vous n’avez pas pris ce quiz